000 00620nam a22001937a 4500
003 OSt
005 20141215150139.0
008 141215b xxu||||| |||| 00| 0 eng d
020 _a0748744177
040 _cDNLM
082 _aW 18 N241 2000
100 _aNeary Mary
_92221
245 _aTeaching, Assessing and Evalution for clinical competence : A practical guide for practitioners and teachers /
_cMary Neary.
260 _aUnited Kingdom :
_bStanley Thornes.
_c2000
300 _av, 225 p :
_bill ;
_c28 cm.
504 _aIncludes Bibliographical references and index.
650 _aclinicals
_92090
942 _2z
_cSLOAN
999 _c820
_d820